5HLuxD.jpg

KING HENRY VIII SENIOR AND PRIMARY SCHOOL LIBRARY OPAC

HORRIBLE HISTORIES (Record no. 4556)

000 -LEADER
fixed length control field 00382nam a22001217a 4500
008 - FIXED-LENGTH DATA ELEMENTS--GENERAL INFORMATION
fixed length control field 250227b ||||| |||| 00| 0 eng d
020 ## - INTERNATIONAL STANDARD BOOK NUMBER
International Standard Book Number 9781407188980
082 ## - DEWEY DECIMAL CLASSIFICATION NUMBER
Classification number 818 DEA
100 ## - MAIN ENTRY--PERSONAL NAME
Personal name DEARY,TERRY
Relator term AUTHOR
245 ## - TITLE STATEMENT
Title HORRIBLE HISTORIES
Remainder of title HORRIBLY HILARIOUS JOKE BOOK
260 ## - PUBLICATION, DISTRIBUTION, ETC.
Place of publication, distribution, etc. EUSTON HOUSE,24 EVERSHOLT STREET,LONDON NW1 1DB,UK
Name of publisher, distributor, etc. SCHOLASTIC CHILDREN'S BOOK
Date of publication, distribution, etc. 2018
942 ## - ADDED ENTRY ELEMENTS (KOHA)
Source of classification or shelving scheme
Holdings
Withdrawn status Lost status Source of classification or shelving scheme Damaged status Not for loan Collection code Permanent Location Current Location Shelving location Date acquired Full call number Barcode Date last seen Price effective from Koha item type Public note
          Fiction KH8 Primary School Library KH8 Primary School Library Fiction 2025-02-27 818 DEA KHPL000006356 2025-12-05 2025-02-27 Books - Fiction KH8 PRIMARY LIBRARY
          Fiction KH8 Primary School Library KH8 Primary School Library Fiction 2025-02-27 818 DEA KHPL000006720 2025-12-05 2025-02-27 Books - Fiction KH8 PRIMARY LIBRARY

Powered By KH8 IT Dept